000 00631nam a2200205Ii 4500
003 JO-AjNU
008 230605s9999||||xx |||||||||||||| ||und||
040 _aJO-AjNU
_bara
_erda
_cJO-AjNU
041 _aara
050 1 4 _aK3400.Q2224
100 3 _a القباني، بكر ,
_eauthor
_946974
245 0 0 _aالقانون الإداري
250 _a(د،ط)
264 3 1 _aالقاهرة : دار النهضة العربية ، د ، ت
300 _a733ص
336 _atext
_btxt
_2rdacontent
337 _aunmediated
_bn
_2rdamedia
338 _avolume
_bnc
_2rdacarrier
650 4 _aالقانون الإداري
_946975
999 _aA20474
_c24042
_d24042